000 00647nam a2200241Ia 4500
003 OSt
005 20220918164855.0
006 a|||||r|||| 00| 0
007 ta
008 220917b |||||||| |||| 00| 0 eng d
020 _a080400742X
024 _a29,054
037 _cTextual
040 _aARTS
_cARTS
_beng
041 _2eng
_aeng
082 _aO111,3:g, L6.1
100 _aDunn Richard J ed
245 0 _aEnglish novel twentieth century criticism
260 _aChicago
_bSwallow Press
_c1976
650 _aENGLISH LITERATURE
942 _hO111,3:g, L6.1
_cTEXL
_2CC
999 _c127139
_d127139